000 00231 a2200097 4500
001 45916
100 _aCzarnomski F
245 _aThe wisdom of Winston Churchill
260 _aLondon
_bGeorge Allen unwin
_c
090 _c29026
_d29026
942 _aNUST-CAE
_cM
_c21143
999 _c280989
_d280989